Female prisoner countries - Statistics

General Stats
  • This quiz has been taken 19 times
  • The average score is 8 of 25
Answer Stats
# Answer % Correct
14. United States
94%
18. China
82%
25. Australia
65%
3. Thailand
59%
22. Cambodia
47%
21. Japan
47%
15. Philippines
47%
11. Vietnam
47%
16. Taiwan
41%
2. Laos
35%
9. Singapore
35%
4. Myanmar
29%
20. Finland
24%
7. Guatemala
24%
12. Belarus
18%
5. Brunei
18%
1. Qatar
18%
6. UAE
18%
19. Czech Republic
12%
17. Latvia
12%
8. Andorra
6%
23. Bolivia
6%
24. Central African Republic
6%
10. South Sudan
6%
13. Malta
0%
No matching quizzes found
Score Distribution
Percent of People with Each Score
Percentile by Number Answered
Your Score History
You have not taken this quiz